00322nam a2200121Ia 4500008004100000041001200041082001100053100000600064245005500070260005300125300000700178650001500185221030s9999 xx 000 0 und d aEnglish a105.23 a- 0aInterpersonal & Organisational Communicationcby - bCollege of Defence ManagementaSecundrabadc2008 a57 aManagement